000 00304nam a2200133Ia 4500
008 240624s9999 xx 000 0 und d
041 _aeng
082 _a330 KHI
100 _aKHILNANI SUNIL
245 _aIDEA OF INDIA
260 _c2004
_aNew Delhi
_bPenguin Books
300 _a264 : p.
365 _cRS
999 _c17139
_d17139